Anti-politics as political strategy: neoliberalism and transfronties conservation in Southern Africa /
Basándose en una investigación empírica sobre una conservación transfronteriza y la intervención de desarrollo en el sur de Africa, este artículo sostiene que el funcionamiento diferencial de la anti-política en la práctica, garantiza el redescubrimiento y la puesta en marcha de una política más exp...
Guardat en:
| Autor principal: | |
|---|---|
| Format: | Text |
| Matèries: | |
| Etiquetes: |
Afegir etiqueta
Sense etiquetes, Sigues el primer a etiquetar aquest registre!
|
MARC
| LEADER | 00000 a a2200000 04500 | ||
|---|---|---|---|
| 001 | 41369 | ||
| 003 | |||
| 040 | |||
| 100 | |a Büscher, Bram | ||
| 245 | |a Anti-politics as political strategy: |b neoliberalism and transfronties conservation in Southern Africa / |c Bram Büscher | ||
| 520 | |a Basándose en una investigación empírica sobre una conservación transfronteriza y la intervención de desarrollo en el sur de Africa, este artículo sostiene que el funcionamiento diferencial de la anti-política en la práctica, garantiza el redescubrimiento y la puesta en marcha de una política más explícita del concepto. Esto hace hincapié en la anti-política como una estrategia esencial en la conservación de política e intervenciones de desarrollo, y como un elemento intrínseco de la economía política más amplia en el neoliberalismo. | ||
| 590 | |a SJB/FEBRERO2013 | ||
| 650 | |a 1.ECONOMIA POLITICA | ||
| 650 | |a 2.NEOLIBERALISMO | ||
| 650 | |a 3.AFRICA | ||
| 773 | |g volumen41, número1 ( , 2010), páginas 29-51 | ||
| 999 | |c 36559 |d 36559 | ||
